| 000 | 00452nam a2200169Ia 4500 | ||
|---|---|---|---|
| 999 |
_c9474 _d9474 |
||
| 020 | _a1855671395 | ||
| 082 | _a958 NEW- | ||
| 245 | 0 | _aNew Central Asia and its neighbours | |
| 260 |
_aLondon _bPrinter Publishers _c1994 |
||
| 300 | _avii, 119p | ||
| 440 | _aChatham house papers | ||
| 504 | _aincludes notes | ||
| 650 |
_aAsia, Central _vForeign relations _z1991- |
||
| 650 |
_aAsia, Central _vHistory |
||
| 700 | _aFerdinand, Peter | ||
| 942 |
_cBK _2ddc |
||